| 000 | 00953nam1a22002411i 4500 | ||
|---|---|---|---|
| 001 | rc\2848764 | ||
| 005 | 20240726083522.0 | ||
| 035 | _a(NLR Aleph) 007004124 | ||
| 090 |
_a5750518 _c5750518 |
||
| 100 | _a20110704d1931 |||y0rusy50 ca | ||
| 101 | 0 | _arus | |
| 102 | _aRU | ||
| 105 | _ay z ||||| | ||
| 200 | 1 |
_aГражданская война _eВ 2 частях ... _eПояснит. брошюра к серии кинопленочных диапозитивов. Ч. 1- _fС. Полунин _gФабрика кинопленочных диапозитивов |
|
| 210 |
_aМосква _cСоюзкино _d1931 _gтип. изд-ва "Крестьян. газета" |
||
| 215 | _d15х11 см | ||
| 300 | _aНа обл.: Сполунин | ||
| 700 | 1 |
_aПолунин _bС.В. _gСергей Васильевич |
|
| 712 | 0 | 2 |
_aСоюзкино _4570 |
| 801 | 0 |
_aRU _bNLR _gpsbo |
|
| 801 | 1 |
_aRU _bELAR _2rusmarc |
|
| 852 |
_aNLR _j31-15/172-1 |
||
| 942 | _cBOOK | ||